000 00474nam a22001577a 4500
005 20251108171915.0
008 250721s1994 xx 000 0 ara d
082 1 4 _a956.4/شعث
100 1 _aشعث، شوقي
245 1 0 _aفلسطين أرض الحضارات :
_bصور من التراث الحضاري في فلسطين /
264 _bدار الطرقجي،
_c1994.
300 _a226ص
650 1 7 _aتاريخ فلسطين
942 _2ddc
_cBK
999 _c65649
_d65649